Caça selvagem (Record no. 70610)

MARC details
000 -LÍDER
campo de controle de tamanho fixo 00308 a2200145 4500
001 - NÚMERO DE CONTROLE
campo de controle 70610
020 ## - ISBN - INTERNATIONAL STANDARD BOOK NUMBER
ISBN - International Standard Book Number 9788575144220
040 ## - FONTE DA CATALOGAÇÃO
Instituição que transcreveu o registro Anchieta - Itaigara
240 10 - TÍTULO UNIFORME
Título uniforme Caça selvagem
Idioma da obra por
245 10 - TÍTULO
Título Caça selvagem
300 ## - DESCRIÇÃO FÍSICA
Extensão 10
362 0# - DATAS DE PUBLICAÇÃO E/OU DESIGNAÇÃO SEQUENCIAL
Datas de publicação e/ou designação sequencial 2008
650 #4 - ASSUNTO--TERMO TÓPICO
Cabeçalho tópico ou nome geográfico Literatura infanto-juvenil
942 ## - ELEMENTOS DE ENTRADA ADICIONADOS (KOHA)
Tipo de material Koha Livros
Holdings
Situação do descarte Situação das perdas Situação física Não pode ser emprestado Biblioteca de origem Biblioteca atual Data de aquisição Total de empréstimos Número de chamada completo Código de barras Data de último acesso Data do preço efetivo Tipo de material Koha
        Colégio São Paulo Colégio São Paulo 21/11/2023   028.5 CAÇ 4174/ITA 21/11/2023 21/11/2023 Livros